Forecasting with judgement
| Other Authors: | , |
|---|---|
| Format: | Book |
| Published: |
Chichester :
John Wiley & Sons ,
1998
|
| Subjects: |
MARC
| LEADER | 00000cam a2200000 7i4500 | ||
|---|---|---|---|
| 001 | 0000006147 | ||
| 005 | 20050505.0 | ||
| 020 | |a 0471497014 | ||
| 040 | |a INS | ||
| 090 | 0 | 0 | |a HD30.27. |b F688 1998 |
| 245 | 1 | 0 | |a Forecasting with judgement |c ed by George Wright |
| 260 | |a Chichester : |b John Wiley & Sons , |c 1998 | ||
| 300 | |a xvi, 297p. | ||
| 650 | 0 | 0 | |a Business forecasting |
| 650 | 0 | 0 | |a Decision making |
| 650 | 0 | 0 | |a Forecasting |
| 700 | 1 | 2 | |a Goddwin, Paul |
| 700 | 1 | 2 | |a Wright, George |
| 999 | |a 0000007397 |b BOOK |c Open Shelf |e Default branch | ||